LOST: Episodes Quiz Stats

 Plays Quiz Updated Dec 18, 2018

     
Support Sporcle.
Go Orange.
Score 0/115 Timer 20:00
3 Plays Today
Season:Episode Episode Name % Correct
Season 2?
96.1%
Season 1Pilot: Part 1
93.9%
Season 1Pilot: Part 2
93.9%
Season 1Walkabout
79.3%
Season 1Exodus: Part 1
78.9%
Season 1Exodus: Part 2
78.9%
Season 3Through the Looking Glass
78.9%
Season 2What Kate Did
77.4%
Season 1Tabula Rasa
76.3%
Season 1White Rabbit
76.2%
Season 2Live Together, Die Alone
76.1%
Season 4The Constant
75.5%
Season 1Numbers
74.5%
Season 5The Incident
74%
Season 2The Other 48 Days
73.3%
Season 2Man of Science, Man of Faith
73.2%
Season 2Everybody Hates Hugo
72.1%
Season 1The Moth
71.8%
Season 1House of the Rising Sun
71.5%
Season 1All the Best Cowboys Have Daddy Issues
71.3%
Season 3Greatest Hits
70.5%
Season 5The Variable
68.4%
Season 2...And Found
68%
Season 1Confidence Man
67.7%
Season 3A Tale of Two Cities
67.5%
Season 1…In Translation
67.3%
Season 3The Glass Ballerina
67.2%
Season 4There's No Place Like Home: Part 1
67.1%
Season 4There's No Place Like Home: Part 2
67.1%
Season 5LaFleur
66.7%
Season 5The Life and Death of Jeremy Bentham
66.4%
Season 3The Man Behind the Curtain
66.2%
Season 5Jughead
65.8%
Season 2The Long Con
65.7%
Season 4The Beginning of the End
65.2%
Season 1Deus Ex Machina
65.2%
Season 2Adrift
65%
Season 5316
65%
Season 1Special
64.9%
Season:Episode Episode Name % Correct
Season 3Not in Portland
64.3%
Season 1Raised by Another
64.1%
Season 4Eggtown
64%
Season 4Meet Kevin Johnson
63.7%
Season 1Born to Run
63.5%
Season 2Fire + Water
63.4%
Season 3Exposé
63.4%
Season 5Because You Left
63.4%
Season 5Some Like It Hoth
63.4%
Season 1Solitary
63.3%
Season 4Ji Yeon
63.3%
Season 2Orientation
62.7%
Season 3Flashes Before Your Eyes
62.6%
Season 3The Man from Tallahassee
62.5%
Season 2Dave
62.5%
Season 3Tricia Tanaka Is Dead
62.4%
Season 2S.O.S.
62.4%
Season 1Hearts and Minds
62.1%
Season 5Namaste
62%
Season 5The Lie
61.7%
Season 3Enter 77
61.7%
Season 2The 23rd Psalm
61.4%
Season 3One of Us
61.2%
Season 2One of Them
61%
Season 3Stranger in a Strange Land
61%
Season 2Lockdown
60.9%
Season 5Dead is Dead
60.5%
Season 3Par Avion
60.4%
Season 4The Economist
60.2%
Season 4The Other Woman
60.1%
Season 1Whatever the Case May Be
60%
Season 3I Do
59.9%
Season 5He's Our You
59.7%
Season 3The Brig
59.4%
Season 4Cabin Fever
59.3%
Season 5Whatever Happened, Happened
59.1%
Season 5The Little Prince
59%
Season 5This Place is Death
58.8%
Season 2Three Minutes
58.8%
Season:Episode Episode Name % Correct
Season 2Two for the Road
58.7%
Season 2Maternity Leave
58.6%
Season 4Something Nice Back Home
58.4%
Season 1Do No Harm
58.2%
Season 5Follow the Leader
58.1%
Season 1Homecoming
58%
Season 2Collision
57.5%
Season 3D.O.C.
57.3%
Season 3Catch-22
57%
Season 4The Shape of Things to Come
56.1%
Season 6LA X: Part 1
56%
Season 6LA X: Part 2
56%
Season 2Abandoned
55.7%
Season 1Outlaws
55.7%
Season 1The Greater Good
55.4%
Season 4Confirmed Dead
55%
Season 2The Hunting Party
54.1%
Season 6What Kate Does
53.6%
Season 3Further Instructions
52.9%
Season 3Every Man for Himself
52.2%
Season 3The Cost of Living
51.7%
Season 3Left Behind
51.1%
Season 6The End
47.8%
Season 6Lighthouse
46.9%
Season 2The Whole Truth
45.2%
Season 6Sundown
43.6%
Season 6Ab Aeterno
43.3%
Season 6The Substitute
43%
Season 6Everybody Loves Hugo
42.1%
Season 6Dr. Linus
41.4%
Season 6Across the Sea
39.5%
Season 6What They Died For
39%
Season 6Recon
38%
Season 6The Package
36.4%
Season 6The Candidate
36.4%
Season 6Happily Ever After
35.8%
Season 6The Last Recruit
31.8%

From the Vault

60 Second Blitz: Bands by Members

by RCHPfan96

Music 60s
No time to waste--name those bands!
Remove Ads.
Support Sporcle.
Get the best of Sporcle when you Go Orange. This ad-free experience offers more features, more stats, and more fun while also helping to support Sporcle. Thank you for becoming a member.

Show Comments

Extras

Top Quizzes Today


Score Distribution

Your Account Isn't Verified!

In order to create a playlist on Sporcle, you need to verify the email address you used during registration. Go to your Sporcle Settings to finish the process.

Report this User

Report this user for behavior that violates our Community Guidelines.

Details: